000 00543nam a22001697i 4500
999 _c22840
_d22840
003 AR-CdUCM
008 240422b20192019pe ||||| |||| 00| 0 spa d
020 _a978-612-48211-3-4
040 _aMUNICIPALIDAD PROVINCIAL DEL CUSCO
_cBIBLIOTECA MUNICIPAL DEL CUSCO
082 _a869.56 / S254S1
_bS254S1
100 _aSantiváñez, Róger
_949604
245 _aSantísima Trinidad /
260 _aLima :
_bJPL Consultores y Servicios Generales S.A.C.,
_c2019
300 _a87 Páginas. :
_c21 cm.
942 _2ddc
_cLIBROS
945 _apbj
_d2024-04-22